Guess top 60 countries in Asia - Statistics

General Stats
  • This quiz has been taken 7 times
  • The average score is 34 of 60
Answer Stats
Answer % Correct
China
100%
Japan
100%
Indonesia
86%
Iran
86%
United Arab Emirates
86%
Armenia
71%
Azerbaijan
71%
Bhutan
71%
Brunei/Brunei Darussalam
71%
Cambodia
71%
Georgia
71%
India
71%
Iraq
71%
Israel
71%
Kazakhstan
71%
Kuwait
71%
Kyrgyzstan
71%
Laos
71%
Malaysia
71%
Mongolia
71%
Myanmar
71%
Oman
71%
Qatar
71%
Russia
71%
Saudi Arabia
71%
Tajikistan
71%
The Philippines
71%
Turkey
71%
Turkmenistan
71%
Uzbekistan
71%
Vietnam
71%
Yemen
71%
Afghanistan
57%
Bahrain
57%
Bangladesh
57%
Cyprus
57%
East Timor/Timor Leste
57%
Jordan
57%
Lebanon
57%
Maldives
57%
Nepal
57%
North Korea
57%
Pakistan
57%
Singapore
57%
South Korea
57%
Sri Lanka
57%
Syria
57%
Thailand
57%
Taiwan
43%
Palestine
29%
Egypt
14%
Kurdistan
14%
Northern Cyprus
14%
South Ossetia
14%
Tibet
14%
Abkhazia
0%
Christmas Islands
0%
Cocos (Keeling) Islands
0%
Karakalpakstan
0%
West Turkestan
0%
No matching quizzes found
Score Distribution
Percent of People with Each Score
Percentile by Number Answered
Your Score History
You have not taken this quiz